| 000 | 00744cam a22002533a 4500 | ||
|---|---|---|---|
| 001 | 21515 | ||
| 003 | PGUSA | ||
| 005 | 20140828083446.0 | ||
| 008 | 070517s2007||||xxu|||||s|||||000 | eng d | ||
| 040 |
_aPGUSA _beng |
||
| 042 | _adc | ||
| 050 | 4 | _aPR | |
| 100 | 1 |
_aOtway, Thomas, _d1652-1685 |
|
| 245 | 1 | 0 |
_aVenice Preserved : _bA Tragedy in Five Acts _h[electronic resource] / _cThomas Otway |
| 260 |
_bProject Gutenberg, _c2007 |
||
| 506 | _aPublic domain in the USA. | ||
| 516 | _aElectronic text | ||
| 653 | _aVenice (Italy) -- History -- 1508-1797 -- Drama | ||
| 653 | _aTragedies | ||
| 700 | 1 |
_aBoucicault, Dion, _d1820-1890 |
|
| 830 | 0 |
_aProject Gutenberg _v21515 |
|
| 856 | 4 | 0 | _uhttp://www.gutenberg.org/ebooks/21515 |
| 942 | _cEB | ||
| 999 |
_c250770 _d250770 |
||